Statistiques concernant Départements Limitrophes Du Jura

Cliquez ici pour prendre le quiz!

Statistiques générales

  • Ce quiz a été pris 36 fois
  • Le résultat moyen est 5 sur 5

Statistiques - réponses

Départements% Correct
Saône-et-Loire
100%
Côte d'Or
97%
Haute-Saône
97%
Ain
94%
Doubs
94%

Distribution des résultats

Percentile par nombre de réponses

% des personnes avec chaque résultat

Votre développement - résultats

Vous n’avez pas pris ce quiz